|
|
|
|
| LEADER |
00000cam a2200000 a 4500 |
| 001 |
vtls008399051 |
| 003 |
SK-MaSNL |
| 005 |
20260301075604.0 |
| 008 |
230403s1951 xo a f 000 0 slo |
| 015 |
|
|
|a SNBA19451955-011567
|
| 035 |
|
|
|a SK01SNKBKSFS20010091268
|
| 035 |
|
|
|a urn:nbn:sk:snk-am3i3gz
|
| 035 |
|
|
|a 287A2D0A-1A1F-4D5F-8F35-FCBF694014A7
|
| 035 |
|
|
|a urn:nbn:sk:snk-am00dika
|
| 035 |
|
|
|a SKM000093731
|
| 040 |
|
|
|a SNK
|b slo
|c SNK
|e AACR2
|
| 041 |
0 |
|
|a slo
|
| 044 |
|
|
|a xo
|c SK
|
| 072 |
|
7 |
|a 676
|x Papierenský priemysel
|2 konspekt
|
| 080 |
|
|
|a 676.1
|2 2011
|
| 080 |
|
|
|a 676.026
|2 2011
|
| 080 |
|
|
|a (035)
|2 2011
|
| 100 |
1 |
|
|a Stegmann, Gustáv,
|d 1923-1979
|4 aut
|9 219544
|
| 245 |
1 |
0 |
|a Výroba a použitie tepla
|b príklady z výroby sulfitovej celulózy a papiera
|c Gustáv Stegmann, Ivan Svoboda
|
| 260 |
|
|
|a Bratislava
|b Práca
|c 1951
|
| 300 |
|
|
|a 245, [3] s.
|b ilustrácie
|c 20 cm
|
| 366 |
|
|
|e 3 300 výt.
|
| 490 |
1 |
|
|a Technické príručky Práce
|v sv. 10
|
| 500 |
|
|
|a Brožovaná
|
| 650 |
0 |
7 |
|a celulóza
|2 SNKPH
|9 16027
|
| 650 |
0 |
7 |
|a výroba papiera
|2 SNKPH
|9 58348
|
| 650 |
0 |
7 |
|a Wood-pulp
|2 SNKPHeng
|9 348618
|
| 650 |
0 |
7 |
|a Papermaking
|2 SNKPHeng
|9 362286
|
| 655 |
|
7 |
|a príručky
|2 SNKPH
|9 74364
|
| 655 |
|
7 |
|a Handbooks, manuals, etc.
|2 SNKPHeng
|9 90964
|
| 700 |
1 |
|
|a Svoboda, Ivan,
|d narodený 1924
|4 aut
|9 203856
|
| 700 |
1 |
|
|a Weiskopf, Š.
|4 red
|9 399917
|
| 830 |
|
0 |
|a Technické príručky Práce
|9 282375
|
| 852 |
|
|
|a Slovenská národná knižnica
|
| 954 |
|
|
|a odborná, vedecká literatúra pôvodná (slovenská)
|2 lita
|
| 958 |
|
|
|a RK
|
| 958 |
|
|
|a TL
|
| 958 |
|
|
|a OND
|
| 958 |
|
|
|a EUIPO
|
| 999 |
|
|
|c 650710
|d 652640
|
| 952 |
|
|
|a SNK
|b SNK
|y PREZ
|7 0
|p 17A0730739
|o snkSC 4262/10
|i snk306/52
|0 0
|1 0
|4 0
|d 2018-11-21
|f 1
|l 0
|r 2025-06-25 00:00:00
|w 2026-02-23
|